000 00308nam a2200121Ia 4500
008 190216s9999||||xx |||||||||||||| ||und||
100 _aBalakrishna Muzthar
245 0 _aHindi- Dr. Ram Manohar Lohya Vyakthi Aur Vichar
260 _bSakshi Prakashan
_c2001
300 _a103
650 _aHindi
942 _cBK
999 _c16108
_d16108